Statistics for Districts of Gloucestershire

Click here to take the quiz!

General Stats

  • This quiz has been taken 78 times
  • The average score is 4 of 7

Answer Stats

statusAnswer% Correct
cityCity of Gloucester
100%
BoroughCheltenham spa
80%
DistrictStroud
71%
BoroughTewkesbury
53%
DistrictForest of Dean
51%
DistrictCotswold
49%
unitary authoritySouth Gloucestershire
31%

Score Distribution

Percentile by Number Answered

Percent of People with Each Score

Your Score History

You have not taken this quiz